| 000 | 00657cam a22001571 4500 | ||
|---|---|---|---|
| 082 |
_a359.00941 _bJAN |
||
| 100 | 1 |
_aJane, Fred T. _949710 |
|
| 245 | 1 | 4 |
_aThe British battle fleet; _bits inception and growth throughout the centuries to the present day, _cby Fred T. Jane ... with illustrations in colour from original water-colour drawings, by W. L. Wyllie ... |
| 260 |
_aLondon, _bThe Library press, limited, _c1915. |
||
| 300 |
_a2 v. _bcol. fronts., illus., plates (part col.) ports., map. _c24 cm. |
||
| 526 |
_a0 _b0 _c0 _d359_009410000000000_JAN |
||
| 650 | 0 |
_aMCE _9379 |
|
| 650 | 0 |
_aWarships. _949711 |
|
| 700 | 1 |
_aWyllie, W. L. _949712 |
|
| 942 |
_2ddc _cBK |
||
| 999 |
_c552487 _d552487 |
||